000 00558nam a22001817a 4500
003 ost
005 20230821145357.0
008 230815b |||||||| |||| 00| 0 eng d
020 _a9780375423451
040 _cBT-PhCST
050 _a4563
082 _222
_a530.092
_bBRO
100 _aedited by Brockman, John.
245 _aMy Einstein :
_bessays by twenty- four of the world's leading thinker on the man, his work, and his legacy /
260 _aCanada :
_bA division of random house,
_cc2006.
300 _axvi, 261 p. :
_bill. ;
_c20 cm.
942 _2ddc
_cF
999 _c9642
_d9642